Democracia y derechos humanos /
En el artículo se hace referencia a la vinculación entre la democracia y los derechos humanos, parte de la conceptualización del término democracia y del modelo democrático en sí, siendo este el marco institucional para el reconocimiento, vigencia y eficacia de los derechos humanos.
Guardado en:
| Hovedforfatter: | |
|---|---|
| Format: | Texto |
| Fag: | |
| Tags: |
Tilføj Tag
Ingen Tags, Vær først til at tagge denne postø!
|
MARC
| LEADER | 00000 a a2200000 04500 | ||
|---|---|---|---|
| 001 | 42205 | ||
| 003 | |||
| 040 | |||
| 100 | |a Almirón Prujel, Elodia | ||
| 245 | |a Democracia y derechos humanos / |c Elodia Almirón Prujel | ||
| 520 | |a En el artículo se hace referencia a la vinculación entre la democracia y los derechos humanos, parte de la conceptualización del término democracia y del modelo democrático en sí, siendo este el marco institucional para el reconocimiento, vigencia y eficacia de los derechos humanos. | ||
| 590 | |a SJB/NOVIEMBRE2011 | ||
| 650 | |a 1.DEMOCRACIA | ||
| 650 | |a 2.DERECHOS HUMANOS | ||
| 650 | |a 3.ASPECTOS SOCIALES | ||
| 650 | |a 4.ASPECTOS CULTURALES | ||
| 650 | |a 5.CIUDADANIA | ||
| 650 | |a 6.INSTITUCIONES | ||
| 773 | |g volumen16, número8 ( , 2007), página 9-16 | ||
| 999 | |c 27568 |d 27568 | ||
